| 000 | 01051cab a22002175a 4500 | ||
|---|---|---|---|
| 001 | L153106 | ||
| 008 | 110608e20110604xxk 000 0 eng d | ||
| 035 | _a(Sirsi) u153110 | ||
| 041 | 0 | _aeng | |
| 100 | 1 | _aWhitten, Nick | |
| 245 | 0 | 0 |
_aFocus _bLondon and south-east boroughs |
| 260 | _c2011 | ||
| 490 |
_aEstates Gazette _v(1122) 4 June 2011, 69-79(9) |
||
| 520 | _aRegeneration plans for Elephant and Castle including the shopping centre, considers planning applications for Conroys Wharf and Surrey Canal for Lewisham as well as a potential detailed application for Lewisham Gateway. Considers planned regeneration schemes for Greenwich. South Bank office take up and availability, rents and development pipeline. Retail Zone A retail rents for Greenwich, Eltham, Woolwich, Blackheath, Lewisham, Peckham and Walworth Road. | ||
| 590 | _aKA | ||
| 651 | 4 |
_aLondon (London County Council) _y1889-1965 |
|
| 690 | _aPROPERTY-COMMERCIAL PROPERTY-COMMERCIAL PROPERTY MARKET | ||
| 700 | 1 | _aSimmons, Mark | |
| 700 | 1 | _aRobson, Claire | |
| 942 | _n0 | ||
| 999 |
_c83192 _d83192 |
||